Culture Générale - Série 1872 - Statistiques

Statistiques générales
  • Ce quiz a été pris 92 fois
  • Le résultat moyen est 4 sur 10
Statistiques - réponses
Question Réponse % Correct
Quel mot anglais désigne un pantalon très moulant ? slim
76%
Dans la mythologie grecque, quel personnage a consruit le labyrinthe qui abritait le minotaure ? Dédale
70%
Dans la mythologie grecque, quel héros a tué le minotaure ? Thésée
63%
Comment appelle-t-on une tasse au Québec, en Belgique et en Suisse ? mug
47%
Dans quel pays européen se trouve la ville d'Oufa dont le pétrole est l'activité industrielle principale ? Russie
36%
Quel instrument de musique originaire d'Asie centrale est la "nay" ? flûte
21%
Où est né Ludwig van Beethoven ? Bonn
20%
Quelle est l'unité monétaire de l'Ethiopie ? birr
10%
C'est le nom d'un papillon et d'un dieu romain - voir photo vulcain
10%
Quelle nom donne-t-on à un arrosoir en zinc et à un avion ? canadair
1%
Aucun quiz correspondant
Distribution des résultats
% des personnes avec chaque résultat
Percentile par nombre de réponses
Votre historique - résultats
Vous n’avez pas pris ce quiz